000 00757cab a2200205 4500
001 WB2506-15
008 090401t1989 xxu||||| |||| 00| 0 eng d
035 _a(Sirsi) u53440
041 _aeng
245 _aChange to lease legislation
260 _c1989
350 _a0
490 _aIndependent
_v4/2/89 p34
520 _aConsiders the implications for owners of leasehold flats of proposals under the new Local Government and Housing Bill whereby the owner of a leasehold flat would become an "assured tenant" rather than, as at present, a protected tenant under the Landlord and Tenant Act 1954 .
650 _aASSURED TENANCIES
650 _aPROTECTED TENANCIES
690 _aPROPERTY-LANDLORD AND TENANT
942 _n0
948 _c04/03/1997
999 _c32942
_d32942